000 00645nam a2200169 a 4500
001 000044384
005 20201002045333.0
008 140626s1992 pr a 000 0 spa d
020 _z0865814092
040 _aDO-SdBNP
_bspa
_cBNPHU
082 _axxxx
_axxxx
100 1 _aFreire de Matos, Isabel
_924966
245 1 0 _aRitmos de tierra y mar :
_bpoesía para niños /
_cIsabel Freire de Matos ; [diseño de portada e ilustraciones, María del Carmen "Poli" Marichal].
260 _aSan Juan, Puerto Rico :
_bInstituto de Cultura Puertorriqueña,
_c1992.
300 _a143 p. :
_bil. ;
_c26 cm.
700 1 2 _aPoli Marichal, Maria del Carmen
_eil
_972386
999 _c43873
_d43873